|
|
|
|
| LEADER |
01691nam a2200409 i 4500 |
| 001 |
EBC4535962 |
| 003 |
MiAaPQ |
| 005 |
20200520144314.0 |
| 006 |
m o d | |
| 007 |
cr cnu|||||||| |
| 008 |
160616s2016 enkad o 000 0 eng|d |
| 020 |
|
|
|z 9780255367196
|
| 020 |
|
|
|a 9780255367202
|q (electronic bk.)
|
| 035 |
|
|
|a (MiAaPQ)EBC4535962
|
| 035 |
|
|
|a (Au-PeEL)EBL4535962
|
| 035 |
|
|
|a (CaPaEBR)ebr11216721
|
| 035 |
|
|
|a (CaONFJC)MIL924363
|
| 035 |
|
|
|a (OCoLC)951593008
|
| 040 |
|
|
|a MiAaPQ
|b eng
|e rda
|e pn
|c MiAaPQ
|d MiAaPQ
|
| 050 |
|
4 |
|a HD78
|b .T39 2016
|
| 082 |
0 |
|
|a 330.90511
|2 23
|
| 100 |
1 |
|
|a Taylor, John B.,
|e author.
|
| 245 |
1 |
0 |
|a Policy stability and economic growth :
|b lessons from the Great Recession /
|c John B. Taylor ; with commentaries by Patrick Minford, Andrew G. Haldine and Amar Radia.
|
| 264 |
|
1 |
|a London :
|b Institute of Economic Affairs,
|c 2016.
|
| 300 |
|
|
|a 1 online resource (113 pages) :
|b color illustrations
|
| 336 |
|
|
|a text
|2 rdacontent
|
| 337 |
|
|
|a computer
|2 rdamedia
|
| 338 |
|
|
|a online resource
|2 rdacarrier
|
| 588 |
|
|
|a Description based on online resource; title from PDF title page (ebrary, viewed June 16, 2016).
|
| 590 |
|
|
|a Electronic reproduction. Ann Arbor, MI : ProQuest, 2016. Available via World Wide Web. Access may be limited to ProQuest affiliated libraries.
|
| 650 |
|
0 |
|a Economic development
|x History
|y 21st century.
|
| 655 |
|
4 |
|a Electronic books.
|
| 700 |
1 |
|
|a Minford, Patrick,
|e commentator.
|
| 700 |
1 |
|
|a Haldine, Andrew G.,
|e commentator.
|
| 700 |
1 |
|
|a Radia, Amar,
|e commentator.
|
| 797 |
2 |
|
|a ProQuest (Firm)
|
| 856 |
4 |
0 |
|u https://ebookcentral.proquest.com/lib/matrademy/detail.action?docID=4535962
|z Click to View
|